[Event "SF Neuenkirchen 1 - SF Beelen 1"]
[Site "Regionalliga Münsterland 2017"]
[Date "2018.06.02"]
[Round "9.1"]
[White "Henke, Wolfgang"]
[Black "Wilde, Pierre"]
[Result "0-1"]
[WhiteElo "1795"]
[BlackElo "2212"]
[PlyCount "91"]
[EventDate "2018.??.??"]
[SourceDate "2017.09.15"]

1. e4 c5 2. c3 e6 3. d4 d5 4. exd5 Qxd5 5. Na3 Qd8 6. Bf4 cxd4 7. Nb5 Na6 8.
Qxd4 Qxd4 9. Nxd4 Nf6 10. Nb5 Nd5 11. Nd6+ Ke7 12. Nxc8+ Rxc8 13. Bg3 Nc5 14.
Nh3 g6 15. Nf4 Nxf4 16. Bxf4 Bg7 17. Rd1 Rhd8 18. Be2 a6 19. Be3 Na4 20. Rxd8
Rxd8 21. Bc1 f5 22. Bf3 b5 23. Ke2 e5 24. g3 Bf6 25. h4 e4 26. Bg2 Bxc3 27. b3
Nc5 28. h5 Kf6 29. hxg6 hxg6 30. Be3 Ne6 31. Rc1 b4 32. a3 a5 33. Rc2 g5 34. f3
f4 35. gxf4 gxf4 36. Bb6 Rd6 37. axb4 axb4 38. Ba7 Ra6 39. Bf2 e3 40. Bh4+ Ke5
41. Rc1 Ra2+ 42. Kf1 Nc5 43. Be1 e2+ 44. Kg1 Nd3 45. Rxc3 bxc3 46. Bxc3+ 0-1

[Event "SF Neuenkirchen 1 - SF Beelen 1"]
[Site "Regionalliga Münsterland 2017"]
[Date "2018.06.02"]
[Round "9.2"]
[White "Vos, Thomas"]
[Black "Hofene, Dieter"]
[Result "1/2-1/2"]
[WhiteElo "2073"]
[BlackElo "1993"]
[PlyCount "41"]
[EventDate "2018.??.??"]
[SourceDate "2017.09.15"]

1. d4 Nf6 2. Nf3 e6 3. e3 b6 4. Bd3 Bb7 5. O-O Be7 6. c4 d6 7. b4 Nbd7 8. Bb2
a5 9. b5 Nf8 10. Nbd2 Ng6 11. Qc2 Qd7 12. Ng5 Rd8 13. d5 Nxd5 14. cxd5 Bxg5 15.
Nf3 Bf6 16. dxe6 fxe6 17. Bxf6 gxf6 18. Be4 Bxe4 19. Qxe4 O-O 20. Nd4 Rde8 21.
Rac1 1/2-1/2

[Event "SF Neuenkirchen 1 - SF Beelen 1"]
[Site "Regionalliga Münsterland 2017"]
[Date "2018.06.02"]
[Round "9.3"]
[White "Hanewinkel, Winfried"]
[Black "Hachmeister, Dirk"]
[Result "1/2-1/2"]
[WhiteElo "1915"]
[BlackElo "2082"]
[PlyCount "39"]
[EventDate "2018.??.??"]
[SourceDate "2017.09.15"]

1. d4 c5 2. e4 cxd4 3. c3 d3 4. Bxd3 Nc6 5. Nf3 d6 6. O-O Nf6 7. h3 e6 8. Qe2
Be7 9. Rd1 Qc7 10. Bf4 e5 11. Bg5 a6 12. Nbd2 O-O 13. Nc4 Be6 14. Ne3 h6 15.
Bxf6 Bxf6 16. Bc4 Na5 17. Bd5 Rad8 18. b4 Nc6 19. b5 Nb8 20. Rab1 1/2-1/2

[Event "SF Neuenkirchen 1 - SF Beelen 1"]
[Site "Regionalliga Münsterland 2017"]
[Date "2018.06.02"]
[Round "9.4"]
[White "Seegers, Hendrik"]
[Black "Schemmann, Bernhard"]
[Result "1-0"]
[WhiteElo "2088"]
[BlackElo "1834"]
[PlyCount "133"]
[EventDate "2018.??.??"]
[SourceDate "2017.09.15"]

1. d4 Nf6 2. Nf3 c5 3. c3 cxd4 4. cxd4 d5 5. Bf4 Nc6 6. e3 Bf5 7. Bd3 Bxd3 8.
Qxd3 e6 9. O-O Bd6 10. Bg5 h6 11. Bh4 O-O 12. a3 Be7 13. Nbd2 Nh5 14. Bxe7 Qxe7
15. Rac1 Nf6 16. Rc2 Rfc8 17. Rfc1 Qd8 18. h3 Ne7 19. Ne5 Rxc2 20. Rxc2 Rc8 21.
g4 Nd7 22. Ndf3 Nxe5 23. Nxe5 Rc7 24. Kg2 Nc8 25. Rc5 b6 26. Rc3 Nd6 27. Qc2
Nb5 28. Rc6 Rxc6 29. Qxc6 Nd6 30. f3 f6 31. Nd3 Kf7 32. e4 dxe4 33. fxe4 Ne8
34. Qb7+ Kg8 35. d5 exd5 36. Qxd5+ Qxd5 37. exd5 Kf7 38. Nb4 a5 39. Nc6 Nd6 40.
Kf3 f5 41. gxf5 Nxf5 42. Ne5+ Ke7 43. Nc4 b5 44. Nxa5 Kd6 45. Ke4 Ng3+ 46. Kf3
Nh5 47. a4 Kxd5 48. axb5 Kc5 49. Kg4 g6 50. Nc6 Nf6+ 51. Kf4 Kxb5 52. Ne5 Nd5+
53. Ke4 Ne7 54. Nf7 Nf5 55. Ke5 Kb4 56. Kf6 Nh4 57. Nxh6 Nf3 58. Kxg6 Kb3 59.
Kf5 Kxb2 60. Kf4 Nh4 61. Kg4 Ng6 62. Nf7 Kc3 63. Kg5 Nf8 64. h4 Kd4 65. h5 Kd5
66. Kf6 Nd7+ 67. Ke7 1-0

[Event "SF Neuenkirchen 1 - SF Beelen 1"]
[Site "Regionalliga Münsterland 2017"]
[Date "2018.06.02"]
[Round "9.5"]
[White "Hanewinkel, Martin"]
[Black "Haves, Reinhard"]
[Result "0-1"]
[WhiteElo "1836"]
[BlackElo "2088"]
[PlyCount "77"]
[EventDate "2018.??.??"]
[SourceDate "2017.09.15"]

1. d4 g6 2. Nf3 Bg7 3. Bf4 d6 4. c3 Nc6 5. e3 Nf6 6. Bc4 O-O 7. O-O Qe8 8. h3
e5 9. dxe5 dxe5 10. Bh2 Qe7 11. Nbd2 Bf5 12. Qe2 Rad8 13. e4 Bc8 14. Rfd1 Nh5
15. Nf1 Nf4 16. Qc2 Qf6 17. Be2 g5 18. Ne3 Be6 19. Bg3 h5 20. h4 Bh6 21. hxg5
Bxg5 22. Nxg5 Qxg5 23. Bxf4 exf4 24. Nf5 Ne5 25. Rxd8 Rxd8 26. Rd1 Re8 27. Kf1
Kh8 28. Bf3 Bc4+ 29. Ke1 Nxf3+ 30. gxf3 Qxf5 31. Kd2 Qf6 32. Kc1 Be6 33. Qa4
Rd8 34. Rh1 h4 35. Qb5 h3 36. Rg1 Qh6 37. Qe5+ Kh7 38. Qxc7 Rd5 39. Rg5 0-1

[Event "SF Neuenkirchen 1 - SF Beelen 1"]
[Site "Regionalliga Münsterland 2017"]
[Date "2018.06.02"]
[Round "9.6"]
[White "Scho, Christian"]
[Black "Fartmann, Franz-Josef"]
[Result "1-0"]
[WhiteElo "2041"]
[BlackElo "1782"]
[PlyCount "59"]
[EventDate "2018.??.??"]
[SourceDate "2017.09.15"]

1. Nf3 Nf6 2. c4 g6 3. b4 Bg7 4. Bb2 O-O 5. g3 d6 6. Bg2 c6 7. O-O Nbd7 8. d3
e5 9. a4 Rb8 10. Qc2 Qe7 11. Nbd2 Nh5 12. d4 Re8 13. e4 Nf8 14. c5 exd4 15.
cxd6 Qxd6 16. Nc4 Qd8 17. Rad1 Bg4 18. e5 Qe7 19. Rxd4 Bf5 20. Qd2 Ne6 21. Rd7
Qf8 22. Nh4 Bh6 23. Qd1 Nhg7 24. Nd6 Re7 25. Ndxf5 Nxf5 26. Nxf5 gxf5 27. Rd6
Rd8 28. Rxd8 Qxd8 29. Qh5 Qd2 30. Bc1 1-0

[Event "SF Neuenkirchen 1 - SF Beelen 1"]
[Site "Regionalliga Münsterland 2017"]
[Date "2018.06.02"]
[Round "9.7"]
[White "Fuisting, Dominik"]
[Black "Rieke, Theo"]
[Result "0-1"]
[WhiteElo "1816"]
[BlackElo "1932"]
[PlyCount "58"]
[EventDate "2018.??.??"]
[SourceDate "2017.09.15"]

1. d4 Nf6 2. e3 g6 3. Bd3 Bg7 4. c3 d6 5. Nf3 O-O 6. O-O Nc6 7. c4 e5 8. d5 Ne7
9. Nc3 Nd7 10. e4 f5 11. exf5 gxf5 12. Ng5 Nf6 13. Bc2 Ng6 14. f3 Qe7 15. Bd2
h6 16. Nh3 Bd7 17. Nf2 Qf7 18. Ne2 Rae8 19. Ng3 Nh4 20. Qe2 Nh5 21. Nxh5 Qxh5
22. Rae1 Kh8 23. b3 Rg8 24. f4 Qg6 25. Nd3 e4 26. Nc1 Nxg2 27. Kh1 Nxe1 28. Rg1
Qxg1+ 29. Kxg1 Bd4+ 0-1

[Event "SF Neuenkirchen 1 - SF Beelen 1"]
[Site "Regionalliga Münsterland 2017"]
[Date "2018.06.02"]
[Round "9.8"]
[White "Stöckmann, Helmut"]
[Black "Austermann, Reinhold"]
[Result "1-0"]
[WhiteElo "1981"]
[BlackElo "1810"]
[PlyCount "125"]
[EventDate "2018.??.??"]
[SourceDate "2017.09.15"]

1. c4 e6 2. Nc3 d5 3. d4 c6 4. e4 Bb4 5. cxd5 exd5 6. e5 Bf5 7. Nge2 h6 8. Ng3
Bg6 9. Nh5 Bf8 10. Be2 Ne7 11. O-O Bxh5 12. Bxh5 g6 13. Bg4 Na6 14. f4 Nf5 15.
Bxf5 gxf5 16. Qh5 Qd7 17. Bd2 O-O-O 18. Ne2 Kb8 19. Ng3 c5 20. dxc5 Nxc5 21.
Qxf5 Ne6 22. Nh5 Bc5+ 23. Kh1 Qe7 24. Rac1 Bb6 25. b4 Rhg8 26. Nf6 Rg6 27. Qh3
Bc7 28. Rfe1 Rxf6 29. exf6 Qxf6 30. g3 d4 31. Qf1 d3 32. f5 Nd4 33. Qxd3 Nxf5
34. Qc3 Qd6 35. Qc4 Qc6+ 36. Qxc6 bxc6 37. Bc3 Kb7 38. Rcd1 Rxd1 39. Rxd1 Ne3
40. Rd7 Nd5 41. Bd2 f6 42. b5 Kb6 43. bxc6 Kxc6 44. Rh7 Bb6 45. Rxh6 Bd4 46.
Rh7 Kb5 47. Rf7 Kc4 48. Rd7 Ne3 49. Rxd4+ Kxd4 50. Bxe3+ Kxe3 51. Kg2 Ke4 52.
Kf2 Kf5 53. Kf3 a6 54. h4 Kg6 55. g4 Kh6 56. Ke4 Kg6 57. Kf4 Kg7 58. Kf5 Kf7
59. a3 Kg7 60. Ke6 Kg6 61. h5+ Kg7 62. Ke7 a5 63. a4 1-0

[Event "SG Turm Raesfeld/Erle 1 - SG Ahaus-Wess"]
[Site "Regionalliga Münsterland 2017"]
[Date "2018.06.02"]
[Round "9.3"]
[White "Rosing, Hermann"]
[Black "Greifenberg, Daniel"]
[Result "1-0"]
[WhiteElo "1991"]
[BlackElo "2051"]
[PlyCount "107"]
[EventDate "2018.??.??"]
[SourceDate "2017.09.15"]

1. e4 c6 2. d4 d5 3. e5 Bf5 4. Nf3 e6 5. Be2 Nd7 6. O-O Ne7 7. c4 Ng6 8. Nc3 f6
9. Re1 Qc7 10. cxd5 cxd5 11. exf6 gxf6 12. Bd3 Bxd3 13. Qxd3 Kf7 14. Nxd5 exd5
15. Qf5 Kg7 16. h4 Bb4 17. Re6 Rhe8 18. h5 Rxe6 19. Qxe6 Ne7 20. Bd2 Nc6 21.
Bxb4 Nxb4 22. Qe7+ Kh8 23. Qxb4 Nb6 24. Qd2 Nc4 25. Qh6 Qf7 26. Re1 Nxb2 27.
Nh4 Qg7 28. Ng6+ Kg8 29. Ne7+ Kh8 30. Qxg7+ Kxg7 31. Nf5+ Kh8 32. Rb1 Na4 33.
Rxb7 Nc3 34. h6 Nxa2 35. Nd6 Nc3 36. Rg7 Rf8 37. Nf7+ Rxf7 38. Rxf7 Kg8 39.
Rg7+ Kf8 40. Rxa7 Ne2+ 41. Kf1 Nxd4 42. Rxh7 Nf5 43. Rd7 Nxh6 44. Rxd5 Kf7 45.
Ke2 Ke6 46. Ra5 Nf5 47. g4 Nd4+ 48. Ke3 Nc6 49. Ra6 Kd5 50. Kf4 Nb4 51. Rxf6
Nd3+ 52. Ke3 Ne5 53. Rf5 Ke6 54. Rxe5+ 1-0

[Event "SG Turm Raesfeld/Erle 1 - SG Ahaus-Wess"]
[Site "Regionalliga Münsterland 2017"]
[Date "2018.06.02"]
[Round "9.4"]
[White "Bergemann, Martin"]
[Black "Diehlmann, Christian"]
[Result "1/2-1/2"]
[WhiteElo "1938"]
[BlackElo "1929"]
[PlyCount "22"]
[EventDate "2018.??.??"]
[SourceDate "2017.09.15"]

1. d4 Nf6 2. Bg5 c5 3. d5 Qb6 4. Nc3 d6 5. e4 g6 6. Bb5+ Bd7 7. Bxf6 exf6 8.
Bxd7+ Nxd7 9. Nge2 Bg7 10. O-O O-O 11. Qd3 a6 1/2-1/2

[Event "SG Turm Raesfeld/Erle 1 - SG Ahaus-Wess"]
[Site "Regionalliga Münsterland 2017"]
[Date "2018.06.02"]
[Round "9.5"]
[White "Bauland, Thomas"]
[Black "Bölker, Franz"]
[Result "1/2-1/2"]
[WhiteElo "1856"]
[BlackElo "1788"]
[PlyCount "24"]
[EventDate "2018.??.??"]
[SourceDate "2017.09.15"]

1. d4 d5 2. Nf3 Nf6 3. e3 Bg4 4. Nbd2 Nbd7 5. h3 Bh5 6. Be2 e6 7. O-O Bd6 8. b3
e5 9. Bb2 e4 10. Ne5 Bxe2 11. Qxe2 Qe7 12. Nxd7 Nxd7 1/2-1/2

[Event "SG Turm Raesfeld/Erle 1 - SG Ahaus-Wess"]
[Site "Regionalliga Münsterland 2017"]
[Date "2018.06.02"]
[Round "9.6"]
[White "Borutta, Niklas"]
[Black "Woltering, Martin"]
[Result "1-0"]
[WhiteElo "2037"]
[BlackElo "1818"]
[PlyCount "99"]
[EventDate "2018.??.??"]
[SourceDate "2017.09.15"]

1. d4 e6 2. Nf3 d5 3. c4 c6 4. Nc3 f5 5. Bf4 Nf6 6. e3 Bd6 7. Bd3 Ne4 8. O-O
O-O 9. Bxd6 Qxd6 10. Ne5 Nd7 11. Nxd7 Bxd7 12. f4 Be8 13. c5 Qe7 14. Bxe4 fxe4
15. Qe2 Qh4 16. h3 Rf6 17. Qf2 Qh6 18. Kh2 Bh5 19. Qh4 Raf8 20. g4 Be8 21. Qxh6
gxh6 22. b4 h5 23. g5 Rg6 24. h4 h6 25. a4 hxg5 26. hxg5 Rg7 27. Kg3 Bg6 28. b5
Rff7 29. Rab1 Kh7 30. Rh1 Rc7 31. a5 Be8 32. b6 axb6 33. Rxb6 Kg6 34. Rhb1 Rh7
35. Kh4 Kf5 36. Ne2 Kg6 37. Nc1 Kf5 38. R1b4 Rhd7 39. Ne2 Rh7 40. Nc1 Rhd7 41.
Nb3 Rh7 42. Ra4 Kg6 43. a6 bxa6 44. Raxa6 Ra7 45. Na5 Rhe7 46. Nxc6 Bxc6 47.
Rxc6 Rxa6 48. Rxa6 Kf5 49. Ra8 Rf7 50. Re8 1-0

[Event "SG Turm Raesfeld/Erle 1 - SG Ahaus-Wess"]
[Site "Regionalliga Münsterland 2017"]
[Date "2018.06.02"]
[Round "9.7"]
[White "Terdues, Guido"]
[Black "Kadenbach, Wolfgang"]
[Result "1/2-1/2"]
[WhiteElo "1754"]
[BlackElo "1758"]
[PlyCount "58"]
[EventDate "2018.??.??"]
[SourceDate "2017.09.15"]

1. f4 e5 2. fxe5 d6 3. exd6 Bxd6 4. Nf3 g5 5. g3 g4 6. Nh4 Ne7 7. d4 Ng6 8.
Nxg6 hxg6 9. Qd3 Qe7 10. Bg2 Nc6 11. c3 f5 12. Nd2 Bd7 13. Nc4 O-O-O 14. Nxd6+
Qxd6 15. Bf4 Qe7 16. O-O-O Rde8 17. Rde1 Rh7 18. h4 gxh3 19. Rxh3 Rxh3 20. Bxh3
Rh8 21. Bg2 g5 22. Bxc6 bxc6 23. Be5 Rh3 24. e4 Kb7 25. exf5 Qf7 26. b3 Bxf5
27. Rf1 Rh1 28. Qf3 Rxf1+ 29. Qxf1 Qg6 1/2-1/2

[Event "SG Turm Raesfeld/Erle 1 - SG Ahaus-Wess"]
[Site "Regionalliga Münsterland 2017"]
[Date "2018.06.02"]
[Round "9.8"]
[White "Hoffmann, Fabian"]
[Black "Messelink, Gerrit"]
[Result "1/2-1/2"]
[WhiteElo "1882"]
[BlackElo "1758"]
[PlyCount "30"]
[EventDate "2018.??.??"]
[SourceDate "2017.09.15"]

1. e4 Nf6 2. e5 Nd5 3. c4 Nb6 4. d4 d6 5. Nf3 Bf5 6. exd6 cxd6 7. Bd3 Bxd3 8.
Qxd3 Nc6 9. Nc3 g6 10. O-O Bg7 11. Re1 O-O 12. b3 e5 13. d5 Nb4 14. Qd2 Qd7 15.
Ne4 Na6 1/2-1/2

[Event "SC Gronau 1 - SK Münster 2"]
[Site "Regionalliga Münsterland 2017"]
[Date "2018.06.02"]
[Round "9.1"]
[White "Wieder, Heiner"]
[Black "Bündgen, Achim"]
[Result "1-0"]
[WhiteElo "2089"]
[BlackElo "2114"]
[PlyCount "129"]
[EventDate "2018.??.??"]
[SourceDate "2017.09.15"]

1. e4 e5 2. Nf3 d6 3. d4 Nf6 4. Nc3 Nbd7 5. Bc4 Be7 6. O-O O-O 7. Re1 c6 8. Bb3
b6 9. a4 a6 10. Bg5 h6 11. Bh4 Nh5 12. Bg3 Nxg3 13. hxg3 Bb7 14. d5 c5 15. Nd2
Qc7 16. Nc4 Rae8 17. Qd2 f5 18. Rad1 Kh8 19. exf5 Rxf5 20. Ne4 Nf6 21. Nc3 Qd8
22. f3 Bc8 23. Ne3 Rg5 24. g4 e4 25. f4 Rg6 26. f5 Rg5 27. Bc4 Nxg4 28. Nxe4
Nxe3 29. Qxe3 Rxf5 30. Qd3 Re5 31. Ng3 Bh4 32. Rxe5 Rxe5 33. Qf3 Bxg3 34. Qxg3
Rg5 35. Qe3 Re5 36. Qg3 Bf5 37. Bxa6 Bxc2 38. Rf1 Be4 39. Rf2 Rxd5 40. Rf7 Rg5
41. Qf4 Rxg2+ 42. Kf1 Kg8 43. Qxe4 Kxf7 44. Bc4+ Kf8 45. Kxg2 Qg5+ 46. Kf3 Qh5+
47. Ke3 Qh3+ 48. Qf3+ Qxf3+ 49. Kxf3 Ke7 50. Ke4 h5 51. Kd5 Kd7 52. Be2 g6 53.
Bb5+ Kc7 54. Be8 Kb7 55. Bxg6 h4 56. Kxd6 Ka6 57. Kd5 Ka5 58. Kc4 Kxa4 59. Be8+
Ka5 60. Bd7 Ka6 61. b3 Kb7 62. Kb5 Ka7 63. Bc6 h3 64. Bd5 h2 65. Bc6 1-0

[Event "SC Gronau 1 - SK Münster 2"]
[Site "Regionalliga Münsterland 2017"]
[Date "2018.06.02"]
[Round "9.3"]
[White "Austrup, David"]
[Black "Lütkehermölle, Martin"]
[Result "1/2-1/2"]
[WhiteElo "1986"]
[BlackElo "1968"]
[PlyCount "46"]
[EventDate "2018.??.??"]
[SourceDate "2017.09.15"]

1. e4 c5 2. d4 cxd4 3. c3 Nf6 4. e5 Nd5 5. Nf3 Nc6 6. Bc4 Nb6 7. Bb3 d6 8. exd6
Qxd6 9. O-O e6 10. cxd4 Be7 11. Nc3 a6 12. d5 exd5 13. Nxd5 Nxd5 14. Qxd5 Qxd5
15. Bxd5 O-O 16. Bg5 Bxg5 17. Nxg5 Nb4 18. Be4 f5 19. Bb1 h6 20. a3 hxg5 21.
axb4 Bd7 22. Ba2+ Kh7 23. Bd5 Bc6 1/2-1/2

[Event "SC Gronau 1 - SK Münster 2"]
[Site "Regionalliga Münsterland 2017"]
[Date "2018.06.02"]
[Round "9.4"]
[White "Langendijk, Andre"]
[Black "Quante, Lennart"]
[Result "0-1"]
[WhiteElo "1929"]
[BlackElo "2088"]
[PlyCount "90"]
[EventDate "2018.??.??"]
[SourceDate "2017.09.15"]

1. e4 e5 2. Nf3 Nc6 3. Bb5 a6 4. Bxc6 dxc6 5. Nc3 f6 6. d4 exd4 7. Nxd4 c5 8.
Nde2 Qxd1+ 9. Nxd1 Be6 10. Bf4 O-O-O 11. Ndc3 Ne7 12. Rd1 Rxd1+ 13. Kxd1 h5 14.
Kc1 Ng6 15. Be3 Nh4 16. g3 Nf3 17. h4 Bd6 18. Bf4 Ne5 19. b3 Bg4 20. Bxe5 fxe5
21. Ng1 Rf8 22. Rh2 c4 23. bxc4 Ba3+ 24. Kd2 Rd8+ 25. Nd5 c6 26. f3 Be6 27. Ne2
cxd5 28. cxd5 Bd7 29. f4 Bd6 30. Kd3 g6 31. fxe5 Bxe5 32. Rf2 Bg4 33. Nf4 Rf8
34. c4 b6 35. Ke3 Kd7 36. Nd3 Bd6 37. Ne5+ Ke8 38. Rxf8+ Kxf8 39. Nxg6+ Kf7 40.
Nf4 Bc5+ 41. Kd3 Bf2 42. e5 Bxg3 43. e6+ Ke8 44. Ke4 Bxf4 45. Kxf4 Be2 0-1

[Event "SC Gronau 1 - SK Münster 2"]
[Site "Regionalliga Münsterland 2017"]
[Date "2018.06.02"]
[Round "9.5"]
[White "Kaufhold, Thomas"]
[Black "Storck, Martin"]
[Result "1/2-1/2"]
[WhiteElo "2040"]
[BlackElo "1957"]
[PlyCount "56"]
[EventDate "2018.??.??"]
[SourceDate "2017.09.15"]

1. d4 d5 2. Nf3 Nf6 3. c4 c6 4. Nc3 e6 5. Bg5 Be7 6. e3 O-O 7. Qc2 h6 8. Bh4
Nbd7 9. cxd5 Nxd5 10. Bxe7 Qxe7 11. Be2 Nxc3 12. bxc3 e5 13. O-O Re8 14. Bc4 e4
15. Nd2 Nf6 16. Rab1 b6 17. a4 Qc7 18. f3 exf3 19. Rxf3 Be6 20. Bxe6 Rxe6 21.
e4 c5 22. e5 Nh7 23. Qe4 Rd8 24. h4 cxd4 25. cxd4 Nf6 26. Qe3 Nd5 27. Qf2 f6
28. Rf1 Qc2 1/2-1/2

[Event "SC Gronau 1 - SK Münster 2"]
[Site "Regionalliga Münsterland 2017"]
[Date "2018.06.02"]
[Round "9.6"]
[White "Reinhold, Klaus"]
[Black "Emunds, Hans Georg"]
[Result "0-1"]
[WhiteElo "1816"]
[BlackElo "2087"]
[PlyCount "26"]
[EventDate "2018.??.??"]
[SourceDate "2017.09.15"]

1. d4 Nf6 2. c4 e6 3. Nf3 b6 4. g3 Bb7 5. Bg2 Be7 6. O-O O-O 7. Nc3 Ne4 8. Bd2
f5 9. d5 Bf6 10. Qc2 Na6 11. Rad1 Nb4 12. Qb3 a5 13. a3 Nc5 0-1

[Event "SC Gronau 1 - SK Münster 2"]
[Site "Regionalliga Münsterland 2017"]
[Date "2018.06.02"]
[Round "9.7"]
[White "Kamp, Aaron"]
[Black "Hoge, Torsten"]
[Result "1/2-1/2"]
[WhiteElo "1815"]
[BlackElo "1922"]
[PlyCount "98"]
[EventDate "2018.??.??"]
[SourceDate "2017.09.15"]

1. e4 e6 2. d4 d5 3. e5 c5 4. c3 Nc6 5. Nf3 Qb6 6. Bd3 Bd7 7. dxc5 Qc7 8. O-O
Bxc5 9. b4 Bb6 10. a4 a6 11. Qe2 Nge7 12. Bb2 Ng6 13. Re1 Nf4 14. Qd2 Nxd3 15.
Qxd3 Ne7 16. Nbd2 Rc8 17. Nd4 Ng6 18. N2f3 Qb8 19. g3 Rc4 20. Qe2 O-O 21. Nd2
Rcc8 22. c4 Bc7 23. N4b3 dxc4 24. Nxc4 Bc6 25. Nc5 Rfd8 26. f4 Bd5 27. Ne3 Bb6
28. Rac1 Bc6 29. Nc4 Bxc5+ 30. bxc5 Rd5 31. Nb6 Rcd8 32. Nxd5 Rxd5 33. Qc2 Ne7
34. Rcd1 Qd8 35. Rxd5 Qxd5 36. Rd1 Qh1+ 37. Kf2 Qxh2+ 38. Kf1 Qh1+ 39. Kf2 Qg2+
40. Ke1 Qxg3+ 41. Qf2 Qxf2+ 42. Kxf2 Nd5 43. a5 g6 44. Rd4 Kg7 45. Bc1 Kf8 46.
Bd2 Ke8 47. Kg3 Ne7 48. Kh3 Nf5 49. Rd3 Be4 1/2-1/2

[Event "SC Gronau 1 - SK Münster 2"]
[Site "Regionalliga Münsterland 2017"]
[Date "2018.06.02"]
[Round "9.8"]
[White "Klönne, Tim"]
[Black "Schulz, Stefan"]
[Result "0-1"]
[WhiteElo "1826"]
[BlackElo "1897"]
[PlyCount "76"]
[EventDate "2018.??.??"]
[SourceDate "2017.09.15"]

1. c4 Nf6 2. Nc3 d5 3. d4 c6 4. cxd5 cxd5 5. Nf3 a6 6. g3 Nc6 7. Bg2 Bf5 8. O-O
e6 9. Bg5 Be7 10. Rc1 O-O 11. Na4 h6 12. Bf4 Bd6 13. Bxd6 Qxd6 14. a3 b5 15.
Nc5 Rfc8 16. b4 Be4 17. e3 Rc7 18. Nxe4 Nxe4 19. Nd2 Nxd2 20. Qxd2 Rac8 21. Rc5
Nb8 22. Rfc1 Nd7 23. Rxc7 Rxc7 24. Bf1 Nb6 25. Bd3 Qd8 26. Rc5 Nd7 27. Rxc7
Qxc7 28. a4 bxa4 29. Bxa6 Qc6 30. Bd3 Nb6 31. b5 Qd6 32. Qa2 Qb4 33. Kf1 Nc4
34. Bxc4 dxc4 35. b6 c3 36. Qc2 a3 37. b7 Qxb7 38. Qxc3 Qb1+ 0-1

[Event "SK Münster 3 - SK Bocholt 1"]
[Site "Regionalliga Münsterland 2017"]
[Date "2018.06.02"]
[Round "9.1"]
[White "Fuest, Martin"]
[Black "Baumann, Stephan"]
[Result "0-1"]
[WhiteElo "2122"]
[BlackElo "2058"]
[PlyCount "94"]
[EventDate "2018.??.??"]
[SourceDate "2017.09.15"]

1. d4 Nf6 2. Nf3 c5 3. c3 e6 4. Bg5 d5 5. e3 Bd6 6. Nbd2 Nbd7 7. Be2 O-O 8. O-O
Qc7 9. g3 h6 10. Bf4 e5 11. dxe5 Nxe5 12. Nxe5 Bxe5 13. Nf3 Bxf4 14. exf4 Bf5
15. Re1 Rfd8 16. Qb3 Rd6 17. a4 Rad8 18. Ne5 Nd7 19. Bf3 Nxe5 20. fxe5 Rb6 21.
Qa2 d4 22. a5 Re6 23. cxd4 cxd4 24. Rac1 Qe7 25. Qa3 Qxa3 26. bxa3 d3 27. Rcd1
Rde8 28. Bxb7 Rxe5 29. Rxe5 Rxe5 30. Ba6 Rd5 31. f3 d2 32. Bc4 Bc2 33. Bxd5
Bxd1 34. f4 Bc2 35. Bf3 d1=Q+ 36. Bxd1 Bxd1 37. Kf2 Kf8 38. Ke3 Ke7 39. Kd4 Kd6
40. Kc4 Be2+ 41. Kd4 Kc6 42. Ke5 Bg4 43. f5 h5 44. a4 Kc5 45. Kf4 Kb4 46. Kg5
Kxa5 47. f6 g6 0-1

[Event "SK Münster 3 - SK Bocholt 1"]
[Site "Regionalliga Münsterland 2017"]
[Date "2018.06.02"]
[Round "9.2"]
[White "Wingenfeld, Klaus"]
[Black "Liesmann, Karsten"]
[Result "0-1"]
[WhiteElo "1898"]
[BlackElo "1998"]
[PlyCount "52"]
[EventDate "2018.??.??"]
[SourceDate "2017.09.15"]

1. e4 c5 2. Nf3 Nc6 3. d4 cxd4 4. Nxd4 Nf6 5. Nc3 e5 6. Ndb5 d6 7. Bg5 a6 8.
Na3 b5 9. Nd5 Be7 10. Bxf6 Bxf6 11. c3 O-O 12. Nc2 Bg5 13. a4 bxa4 14. Rxa4 a5
15. Bc4 Rb8 16. b3 Kh8 17. Nce3 g6 18. O-O f5 19. exf5 gxf5 20. Qh5 f4 21. Bd3
Rb7 22. Ng4 Rg7 23. Be4 Be6 24. Rc4 Ne7 25. Nxe7 Bxe7 26. h3 Bf7 0-1

[Event "SK Münster 3 - SK Bocholt 1"]
[Site "Regionalliga Münsterland 2017"]
[Date "2018.06.02"]
[Round "9.3"]
[White "Hunhoff, Sebastian"]
[Black "Leder, Nils"]
[Result "1/2-1/2"]
[WhiteElo "1936"]
[BlackElo "1897"]
[PlyCount "92"]
[EventDate "2018.??.??"]
[SourceDate "2017.09.15"]

1. c4 Nf6 2. Nc3 e5 3. Nf3 Nc6 4. d4 exd4 5. Nxd4 Nxd4 6. Qxd4 Be7 7. g3 O-O 8.
Bg2 a6 9. O-O d6 10. Rd1 Nd7 11. Nd5 Re8 12. Nxe7+ Qxe7 13. e3 Qe5 14. b3 Rb8
15. Bb2 Qxd4 16. Rxd4 b6 17. Bc6 Re7 18. Rd5 f6 19. Re1 Ne5 20. Bxe5 fxe5 21.
f4 exf4 22. gxf4 Bb7 23. Bxb7 Rxb7 24. a4 a5 25. Kf2 Rb8 26. Kf3 Rbe8 27. e4
Re6 28. h4 Rh6 29. h5 Rhe6 30. Rg5 R8e7 31. f5 Rf6 32. Kf4 Kf8 33. e5 Rxe5 34.
Rxe5 dxe5+ 35. Kxe5 Rc6 36. Rg4 Rd6 37. Rg3 Kf7 38. Rc3 Rc6 39. Rd3 Ke7 40. Kf4
Kf6 41. Rd2 Rc5 42. Kg4 h6 43. Rd8 Ke7 44. Rg8 Kf7 45. Rd8 Ke7 46. Rd4 Re5
1/2-1/2

[Event "SK Münster 3 - SK Bocholt 1"]
[Site "Regionalliga Münsterland 2017"]
[Date "2018.06.02"]
[Round "9.4"]
[White "Hartmann, Steffen"]
[Black "Naumann, Felix"]
[Result "1-0"]
[WhiteElo "1923"]
[BlackElo "1860"]
[PlyCount "81"]
[EventDate "2018.??.??"]
[SourceDate "2017.09.15"]

1. e4 c5 2. Nf3 d6 3. Bb5+ Bd7 4. Bxd7+ Qxd7 5. O-O Nc6 6. c3 Nf6 7. Qe2 e5 8.
Rd1 Rc8 9. Na3 Qg4 10. d3 Nh5 11. Nc4 Be7 12. Ne3 Nf4 13. Qf1 Qh5 14. Nf5 Nh3+
15. Kh1 O-O 16. Qe2 Nf4 17. Bxf4 exf4 18. d4 Rfd8 19. d5 g6 20. dxc6 gxf5 21.
exf5 Rc7 22. cxb7 Qxf5 23. c4 Bf6 24. Rd5 Qg6 25. Rxd6 Rb8 26. Ne5 Qf5 27. Ng4
Bg7 28. Rad1 Qg5 29. R6d5 f5 30. Qe6+ Rf7 31. Ne5 Bxe5 32. Rxe5 Rbxb7 33. b3
Kg7 34. Rxc5 Rbe7 35. Qd5 Re2 36. Qd4+ Kh6 37. Rc6+ Kh5 38. Qd5 Rfe7 39. Rf1
Rxf2 40. Qd1+ f3 41. Rxf2 1-0

[Event "SK Münster 3 - SK Bocholt 1"]
[Site "Regionalliga Münsterland 2017"]
[Date "2018.06.02"]
[Round "9.5"]
[White "Steiner, Karl"]
[Black "Peters, Helmut"]
[Result "1-0"]
[WhiteElo "1916"]
[BlackElo "1955"]
[PlyCount "83"]
[EventDate "2018.??.??"]
[SourceDate "2017.09.15"]

1. Nf3 d5 2. d4 Nf6 3. c4 e6 4. Nc3 Be7 5. Bf4 O-O 6. e3 c5 7. dxc5 Bxc5 8.
cxd5 Nxd5 9. Nxd5 exd5 10. Be2 Bb4+ 11. Kf1 Nc6 12. Rc1 Be6 13. Nd4 Rc8 14. Qa4
Qb6 15. Nxc6 Rxc6 16. Rxc6 bxc6 17. a3 Be7 18. Be5 c5 19. Qb5 f6 20. Qxb6 axb6
21. Bc3 Rd8 22. Bd3 Bd6 23. Ke2 Be5 24. Bxe5 fxe5 25. Rd1 c4 26. Bxc4 Kf7 27.
Bb3 Ke7 28. Rc1 Kd6 29. Ba4 Bd7 30. Bxd7 Kxd7 31. f4 exf4 32. exf4 Re8+ 33. Kd3
Kd6 34. Rc2 h6 35. g3 g5 36. f5 g4 37. Re2 Rf8 38. Rf2 h5 39. f6 Rf7 40. Kd4
Ke6 41. a4 Kd6 42. b4 1-0

[Event "SK Münster 3 - SK Bocholt 1"]
[Site "Regionalliga Münsterland 2017"]
[Date "2018.06.02"]
[Round "9.6"]
[White "Vogenauer, Nikolas"]
[Black "Hunhoff, Andreas"]
[Result "1/2-1/2"]
[WhiteElo "1789"]
[BlackElo "1793"]
[PlyCount "41"]
[EventDate "2018.??.??"]
[SourceDate "2017.09.15"]

1. e4 e5 2. Nf3 Nc6 3. Bb5 d6 4. c3 Bd7 5. O-O Nf6 6. Re1 Be7 7. d3 O-O 8. Nbd2
Bg4 9. h3 Bh5 10. Nf1 Bg6 11. Ng3 Qc8 12. Qe2 Nh5 13. Nxh5 Bxh5 14. g4 Bg6 15.
Kg2 Nd8 16. Bc4 Ne6 17. a4 c6 18. Bb3 a6 19. Be3 Qd7 20. Bc2 b5 21. axb5
1/2-1/2